000 00932nam a22002297a 4500
003 MN-UlNLM
005 20220411124633.0
008 211110t2020 mp ||||| |||| 00| 0 mon d
020 _a978-9919-9646-2-7
040 _aМонгол Улсын Үндэсний номын сан
084 _2NNA
_a63.3(5Мон)я6
_bМ 692
_q63
110 _aШУАТУХ
245 1 _aМонгол орон монголчууд
_bД.Э.Ухтомский 1913 оны экспедицийн дуранд тодорсон умард Монгол Оросын угсаатны зүйн музейн гэрэл зургийн цуглуулга
_cЭмхэт. М.В. Федорова, К.Ю. Соловьева, С.Чулуун
260 1 _aУБ
_bСоёмбо принтинг
_c2020
300 _a295х
_eЗур
490 _vБ. 7
546 _aMongolia
_aRussia
653 _aТүүх
856 _aprintbook
942 _cBK
999 _c590030
_d590087